000 00275nam a22001337a 4500
008 170802b xxu||||| |||| 00| 0 eng d
020 _a752063320686
041 _aeng
080 _a004
100 _a32
101 _aSHK
245 _aASP.NET
_cWALTHER,S
942 _2udc
_cBK
999 _c22484
_d22484